<?xml version="1.0" encoding="UTF-8"?>
<record
    xmlns:xsi="http://www.w3.org/2001/XMLSchema-instance"
    xsi:schemaLocation="http://www.loc.gov/MARC21/slim http://www.loc.gov/standards/marcxml/schema/MARC21slim.xsd"
    xmlns="http://www.loc.gov/MARC21/slim">

  <leader>00661nam a22001937a 4500</leader>
  <datafield tag="999" ind1=" " ind2=" ">
    <subfield code="c">163066</subfield>
    <subfield code="d">163066</subfield>
  </datafield>
  <controlfield tag="005">20190326120657.0</controlfield>
  <datafield tag="010" ind1=" " ind2=" ">
    <subfield code="a">ENG-124934</subfield>
  </datafield>
  <datafield tag="020" ind1=" " ind2=" ">
    <subfield code="a">9789386473486</subfield>
    <subfield code="c">850.00</subfield>
  </datafield>
  <datafield tag="035" ind1=" " ind2=" ">
    <subfield code="a">EN-108466</subfield>
  </datafield>
  <datafield tag="037" ind1=" " ind2=" ">
    <subfield code="b">DBAD/PUB</subfield>
  </datafield>
  <datafield tag="082" ind1=" " ind2=" ">
    <subfield code="a">525</subfield>
  </datafield>
  <datafield tag="100" ind1=" " ind2=" ">
    <subfield code="a">Dogra, Bharat</subfield>
  </datafield>
  <datafield tag="245" ind1=" " ind2=" ">
    <subfield code="a">Red alert planet in peril:</subfield>
    <subfield code="c">by Bharat Dogra</subfield>
    <subfield code="b">are we heading towards extinction?/</subfield>
  </datafield>
  <datafield tag="260" ind1=" " ind2=" ">
    <subfield code="a">New Delhi</subfield>
    <subfield code="b">Vitasta Publishing</subfield>
    <subfield code="c">2019</subfield>
  </datafield>
  <datafield tag="270" ind1=" " ind2=" ">
    <subfield code="a">2/15, Ansari Road, Daryaganj,</subfield>
    <subfield code="b">New Delhi</subfield>
    <subfield code="e">110002</subfield>
    <subfield code="m">info@vitastapublishing.com</subfield>
  </datafield>
  <datafield tag="300" ind1=" " ind2=" ">
    <subfield code="a">xiii, 273p.</subfield>
    <subfield code="c">21cm(Hb)</subfield>
  </datafield>
  <datafield tag="500" ind1=" " ind2=" ">
    <subfield code="a">It includes Acknowledgements, Voices and about the author</subfield>
  </datafield>
  <datafield tag="942" ind1=" " ind2=" ">
    <subfield code="2">ddc</subfield>
    <subfield code="c">EN</subfield>
    <subfield code="h">525</subfield>
    <subfield code="m">DOG</subfield>
  </datafield>
  <datafield tag="952" ind1=" " ind2=" ">
    <subfield code="0">0</subfield>
    <subfield code="1">0</subfield>
    <subfield code="4">0</subfield>
    <subfield code="7">1</subfield>
    <subfield code="8">NFIC</subfield>
    <subfield code="a">DBAD</subfield>
    <subfield code="b">BL1</subfield>
    <subfield code="d">2019-03-26</subfield>
    <subfield code="e">DBAD/PUB</subfield>
    <subfield code="g">850.00</subfield>
    <subfield code="l">0</subfield>
    <subfield code="o">525 DOG</subfield>
    <subfield code="p">EN-108466</subfield>
    <subfield code="r">2019-03-26 00:00:00</subfield>
    <subfield code="t">1</subfield>
    <subfield code="v">850.00</subfield>
    <subfield code="y">EN</subfield>
  </datafield>
</record>
